Bancos & Cajas

Bibliographic Details
Format: eBook
Language:Spanish
Published: Espaą Firma de informacin̤ 2013
Edition:Servicio en ln̕ea
Subjects:
Online Access:Acceso restringido

MARC

LEADER 00000nam a22000007a 4500
005 20151019094510.0
007 cr|||| ||u|
008 151019s20139999sp m||p s|||| 0|||b1spa d
035 |a 12901 
040 |a vLex 
090 |c 5606  |d 5606 
245 1 0 |a Bancos & Cajas  |h [Recurso electrn̤ico] / 
250 |a Servicio en ln̕ea 
256 |a Servicio en ln̕ea 
260 |a Espaą  |b Firma de informacin̤  |c 2013 
300 |a 1 recurso electrn̤ico 
310 |a Desconocida 
500 |a Estudios Estratǧicos de Gestin̤, Marketing y Nuevas Tendencias. 
506 1 |a Contenido solo disponible en los productos indicados  |d vLex Global  |d vLex Global (Academic Edition, excluding Law Schools)  |d vLex Global (U.S. Academic Edition, Law Schools)  |d vLex Global (U.S. Academic Edition, excluding Law Schools)  |d vLex Global (Academic Edition, Law Schools) 
650 0 4 |a Marketing   |z Espaą 
740 0 |a vLex resvista (servicio en ln̕ea) 
856 4 0 |u http://vlex.com/source/bancos-cajas-12901  |z Acceso restringido 
942 |c REV 
999 0 |a Marketing